000 01128nam a22002897a 4500
999 _c65437
_d65437
005 20240530110824.0
008 190711s2018 ua a g 000 0 ara d
017 _bمصر. دار الكتب
_a2018/8972
020 _a9789776543485
040 _aEG-CaGPL
_cEG-CaGPL
082 0 4 _221
_a153.15 /
_bع ن
100 0 _aعبدالله سليمان ابراهيم
245 1 0 _aنظريات فى التعلم الانسانى /
_cاعداد عبدالله سليمان ابراهيم
250 _aط.1
260 _aالقاهرة :
_bروابط للنشر وتقنية المعلومات،
_c2018 .
300 _a315 ص. ؛
_c24 سم.
504 _aيشتمل على ارجاعات ببليوجرافية
650 0 7 _aعلم النفس التربوى
_2qrmak
650 0 7 _aالتعلم
_2qrmak
650 0 7 _aنظرية الجشتالت
_2qrmak
650 0 7 _aنظرية التنظيم الهرمى
_2qrmak
650 0 7 _aنظرية التعلم القائم على المعنى
651 _2qrmak
700 0 _aسناء محمد حسن
942 _2ddc
_cBK